5HLuxD.jpg

KING HENRY VIII SENIOR AND PRIMARY SCHOOL LIBRARY OPAC

The further tale of Peter Rabbit / (Record no. 1552)

000 -LEADER
fixed length control field 01140pam a2200337 a 4500
001 - CONTROL NUMBER
control field 016086340
003 - CONTROL NUMBER IDENTIFIER
control field Uk
005 - DATE AND TIME OF LATEST TRANSACTION
control field 20230112102611.0
008 - FIXED-LENGTH DATA ELEMENTS--GENERAL INFORMATION
fixed length control field 120510s2012 enka j 000 1 eng|d
015 ## - NATIONAL BIBLIOGRAPHY NUMBER
National bibliography number GBB247119
Source bnb
016 7# - NATIONAL BIBLIOGRAPHIC AGENCY CONTROL NUMBER
Record control number 016086340
Source Uk
020 ## - INTERNATIONAL STANDARD BOOK NUMBER
International Standard Book Number 9780723267102
040 ## - CATALOGING SOURCE
Original cataloging agency StDuBDS
Language of cataloging eng
Transcribing agency StDuBDS
Modifying agency Uk
-- KH8
042 ## - AUTHENTICATION CODE
Authentication code ukblcatcopy
082 04 - DEWEY DECIMAL CLASSIFICATION NUMBER
Classification number 823.92 THO
Edition number 23
100 1# - MAIN ENTRY--PERSONAL NAME
Personal name Thompson, Emma.
Relator term author
245 14 - TITLE STATEMENT
Title The further tale of Peter Rabbit /
Statement of responsibility, etc. by Emma Thompson ; illustrated by Eleanor Taylor.
260 ## - PUBLICATION, DISTRIBUTION, ETC.
Place of publication, distribution, etc. London :
Name of publisher, distributor, etc. Frederick Warne,
Date of publication, distribution, etc. 2012.
300 ## - PHYSICAL DESCRIPTION
Extent 63 p. :
Other physical details chiefly col. ill. ;
Dimensions 28 cm.
336 ## - CONTENT TYPE
Content type term text
Source rdacontent
337 ## - MEDIA TYPE
Media type term unmediated
Source rdamedia
338 ## - CARRIER TYPE
Carrier type term volume
Source rdacarrier
500 ## - GENERAL NOTE
General note Inspired by the original tales of Beatrix Potter.
500 ## - GENERAL NOTE
General note Formerly CIP.
Institution to which field applies Uk
600 00 - SUBJECT ADDED ENTRY--PERSONAL NAME
Personal name Peter Rabbit
Titles and other words associated with a name (Fictitious character)
Form subdivision Pictorial works
-- Juvenile fiction.
651 #0 - SUBJECT ADDED ENTRY--GEOGRAPHIC NAME
Geographic name Scotland
Form subdivision Pictorial works
-- Juvenile fiction.
655 #7 - INDEX TERM--GENRE/FORM
Genre/form data or focus term Children's stories
Form subdivision Pictorial works.
Source of term gsafd
700 1# - ADDED ENTRY--PERSONAL NAME
Personal name Taylor, Eleanor,
Dates associated with a name 1969-
700 1# - ADDED ENTRY--PERSONAL NAME
Personal name Potter, Beatrix,
Dates associated with a name 1866-1943.
942 ## - ADDED ENTRY ELEMENTS (KOHA)
Source of classification or shelving scheme
Koha item type Books - Non Ficton
Holdings
Withdrawn status Lost status Source of classification or shelving scheme Damaged status Not for loan Collection code Permanent Location Current Location Shelving location Date acquired Total Checkouts Full call number Barcode Date last seen Date last checked out Price effective from Koha item type
          Non-Fiction KH8 Primary School Library KH8 Primary School Library Fiction 2023-01-12 27 823.92 THO KHPL000003313 2026-03-06 2026-02-27 2023-01-12 Books - Non Ficton

Powered By KH8 IT Dept